zpět

Detail výsledku týmu

Šnyt, Šternberk

Datum a čas kvízu

10.5 Celkem bodů Celkový počet nahraných bodů na tomto kvízu bez doplňovacích otázek.
6. Pořadí na kvízu Konečné umístění týmu na tomto kvízu.

Zaznamenané odpovědi

# Otázka Odpověď Body Výsledky
1. Minulý týden byly vyhlášeny vý... Pavel Pafko 0
2. V sousedním Rakousku před něko... Sebastian Kurz 0
3. Malba slavného streetartového... šimpanzi 0
4. Ve čtvrtek byla v Praze otevře... Tesla 0
5. Minulý týden ukončila biatlono... Anastasia Kuzminová 0
6. Napíšete-li název afghánské le... Bagrám 0
7. Jak se jmenuje současný náčeln... Aleš Opata 0
8. Jak se nazývá město, u něhož s... Náměšť nad Oslavou 0
9. Jednou z prvních zahraničních... Kosovo 1
10. Napište čtyřpísmenné označení... BREN 0